LEADER 00899cam0-2200325---450- 001 990005854800403321 005 20160502161402.0 010 $a3-10-073004-6 035 $a000585480 035 $aFED01000585480 035 $a(Aleph)000585480FED01 035 $a000585480 100 $a19990604d1989----km-y0itay50------ba 101 0 $ager 102 $aDE 105 $a--------001ey 200 1 $aDeutsche Briefe 1750-1950$fhrsg. von Gert Mattenklott, Hannelore Schlaffer und Heinz Schlaffer 205 $a2. Aufl. 210 $aFrankfurt am Main$cS. Fischer$d1989 215 $a753 p.$d25 cm 676 $a836$v22$zita 702 1$aMattenklott,$bGert 702 1$aSchlaffer,$bHannelore 702 1$aSchlaffer,$bHeinz 801 0$aIT$bUNINA$gRICA$2UNIMARC 901 $aBK 912 $a990005854800403321 952 $a836 SCH 1$bDip.f.m.4346$fFLFBC 959 $aFLFBC 997 $aUNINA LEADER 01714nam 2200385 n 450 001 996386588003316 005 20200824120957.0 035 $a(CKB)1000000000614454 035 $a(EEBO)2240944834 035 $a(UnM)99871284e 035 $a(UnM)99871284 035 $a(EXLCZ)991000000000614454 100 $a19940927d1641 uy | 101 0 $aeng 135 $aurbn||||a|bb| 200 12$aA letter of that most religious and pious prince K. Edward the sixth to Nicholas Ridley Bishop of London$b[electronic resource] $e for the taking downe of altars, and setting up the table in the steed thereof, subscribed by nine of the said kings Privie Councell, together with the said kings six reasons for the same alteration; all which are set forth in the Ecclesiasticall history, containing the Acts and monuments of martyrs, written by M. John Fox, and may there be read in the life of that ever blessed king 210 $aLondon $c[s.n.]$dPrinted 1641 215 $a[2], 5 [i.e. 9], [1] p 300 $aPages 8, 9 misnumbered 4, 5 respectively. 300 $aReproduction of the original in the British Library. 330 $aeebo-0018 606 $aAltars$vEarly works to 1800 606 $aCommunion table$vEarly works to 1800 615 0$aAltars 615 0$aCommunion table 700 $aEdward$cKing of England,$f1537-1553.$01002269 712 02$aEngland and Wales.$bSovereign (1547-1553 : Edward VI) 801 0$bCu-RivES 801 1$bCu-RivES 801 2$bCStRLIN 801 2$bWaOLN 906 $aBOOK 912 $a996386588003316 996 $aA letter of that most religious and pious prince K. Edward the sixth to Nicholas Ridley Bishop of London$92304937 997 $aUNISA